Diccionario Etimológico de la lengua castellana

Spremljeno u:
Bibliografski detalji
Glavni autor: Monlau, Pedro Felipe
Format: Knjiga
Jezik:Undetermined
Izdano: Buenos Aires, Argentina El Ateneo 1944
Izdanje:2
Teme:
Oznake: Dodaj oznaku
Bez oznaka, Budi prvi tko označuje ovaj zapis!

MARC

LEADER 00000nam a2200000Ia 4500
008 170316s9999 xx 000 0 und d
040 |a cru BVZT 
090 |a REF 
100 |a Monlau, Pedro Felipe 
245 |a Diccionario Etimológico de la lengua castellana 
250 |a 2 
260 |a Buenos Aires, Argentina 
260 |b El Ateneo 
260 |c 1944 
300 |a 1186 páginas 
650 |a REFERENCIA 
942 |c REF 
999 |c 14643  |d 14643